000 00525nam a2200157 i 4500
001 134682
003 ES-MaACL
005 20230906194726.0
007 t|
008 070912s1957 sp ||||1| spa d
100 1 _aWeil Luque, Angel.
_9116337
245 1 0 _aAngel
_b: (comentarios a pensamientos célebres, novelas, cuentos, etc.) /
_cAngel Weil Luque.
260 _aMelilla :
_b[s.n.],
_c1957 (
_fCooperativa Gráfica "Melillense")
300 _a222 p. :
_b1 retr. autor ;
_c22 cm.
852 _aES-MaACL
_jC-13624
_bR.41082
999 _c134682
_d134682